[Event "Belgrade-chT Quality"]
[Site "Belgrade"]
[Date "2020.11.06"]
[Round "7.6"]
[White "Vujasinovic, Ilija"]
[Black "Jovovic, Cedomir"]
[Result "1-0"]
[WhiteElo "1602"]
[BlackElo "1920"]
[PlyCount "74"]
[EventDate "2020.10.09"]
[EventType "team-tourn"]
[EventRounds "9"]
[EventCountry "SRB"]
[SourceTitle "EXT 2022"]
[Source "ChessBase"]
[SourceDate "2021.10.06"]
[SourceVersion "1"]
[SourceVersionDate "2021.10.06"]
[SourceQuality "1"]
[WhiteTeam "Belgrade Bask"]
[BlackTeam "Belgrade NBSK"]
[WhiteTeamCountry "SRB"]
[BlackTeamCountry "SRB"]

1. d4 Nf6 2. c4 e5 3. dxe5 Ng4 4. Nf3 Bc5 5. e3 Nc6 6. Bd2 Ngxe5 7. Nxe5 Nxe5 8. Bc3 Qe7 9. Qd5 Bb4 10. Bxb4 Qxb4+ 11. Nc3 Qe7 12. Be2 0-0 13. 0-0 d6 14. Qe4 c6 15. Rad1 f5 16. Qc2 Be6 17. b3 Rad8 18. Rd2 f4 19. exf4 Rxf4 20. Bd3 Qh4 21. Be4 Ng4 22. h3 Nf6 23. g3 Qg5 24. Kh2 Rxe4 25. Nxe4 Nxe4 26. Qxe4 Qxd2 27. Qxe6+ Kf8 28. Kg2 Re8 29. Qf5+ Kg8 30. Qd7 Rf8 31. Qxb7 Qxa2 32. Qxc6 Qxb3 33. Qd5+ Kh8 34. Qxd6 Rc8 35. c5 Qb7+ 36. Kg1 Qc6 37. Re1 h6 1-0